| 000 | 00523nam a22001817a 4500 | ||
|---|---|---|---|
| 003 | SGT | ||
| 020 | _a9788131234563 | ||
| 082 |
_a616.0757 _bO13T |
||
| 100 | _aTatapudi, Ramesh | ||
| 245 | _aOral Radiology: Exam Preparatory Manual for Undergraduates | ||
| 250 | _a1st | ||
| 260 |
_aDelhi, India _bElsevier _c2013 |
||
| 300 | _a411 | ||
| 650 | _aOral radiology; radiology; Dental | ||
| 653 | _aRadiation Physics; radiation Biology; Dental X-ray; Projection Geometry | ||
| 700 | _aManjunath, K. | ||
| 942 |
_2ddc _cBK _012 |
||
| 999 |
_c22663 _d22663 |
||